| 000 | 00853aam a2200229 a 4500 | ||
|---|---|---|---|
| 008 | |||
| 049 | _aMAIN | ||
| 090 |
_aHG1642.T1 _bRWE |
||
| 100 | 1 | _aRwegasira, Kami S.P. | |
| 245 | 1 | 0 |
_aFinancial analysis and institutional lending operations management in a developing country : _ba critical perspective of Tanzania banks and DFIs / _cKami S.P. Rwegasira. |
| 260 |
_aDar es Salaam : _bDar es Salaam University Press, _cc1991. |
||
| 300 |
_axiv, 208 p. : _bill., map ; _c21 cm. |
||
| 504 | _aIncludes bibliographical references. | ||
| 650 | 0 |
_aDevelopment credit corporations _zTanzania. |
|
| 650 | 0 |
_aCommercial credit _zTanzania. |
|
| 650 | 0 |
_aBank loans _zTanzania. |
|
| 907 |
_a.b10010956 _b24-09-15 _c17-04-03 |
||
| 003 | |||
| 005 | 20230123133833.0 | ||
| 040 | _cNUST | ||
| 942 |
_cBOOKS _kHG1642.T1 _mRWE |
||
| 999 |
_c155488 _d155488 |
||